000 00787nam a22002177a 4500
001 BD-DhSAU 8135
003 BD-DhSAU
005 20150610123905.0
008 150110s1982 b |||| ||| 000 0 eng d
040 _aBD-DhSAU
082 _222
_a৬৩০
_bআমিবৃ
245 _aকৃষিতত্ত্ব :
_bআগাছা ও বীজ প্রযুক্তিবিদ্যা /
_cসদরুল আমিন
250 _aদ্বিতীয় খন্ড
260 _aময়মনসিংহ :
_bমোঃ সাইফুল আমিন ,
_cc১৯৮২.
300 _a২৮০ পৃ ;
_g২১ সেমি.
590 _aJerin
650 _aAgriculture
650 _aAnimal Husbandry
700 _aআমিন, সদরুল
942 _2ddc
_cBOOK
999 _c8135
_d8135